000 00986nam a22003135a 4500
001 16061919
005 20201128020830.0
008 100120s2010 nyu | 00| 0 eng d
010 _a 2010921093
020 _a9781595620408 (alk. paper)
040 _aDLC
_cDLC
082 _222
_a646.7
_bRAT
100 1 _aRath, Tom.
_915772
245 1 0 _aWell-being :
_bThe Five Essential Elements /
_cTom Rath, Jim Harter.
260 _aNew York, NY :
_bGallup Press,
_cc2010.
263 _a1005
300 _a229 p. :
_bill.;
_c22 cm.
500 _aFrom the author of the #1 Wall Street Journal bestseller StrengthsFinder 2.0
504 _aIncludes bibliographical references.
541 _aBacca ;
650 0 _aWell-being.
_915773
650 0 _aQuality of life.
_915774
650 0 _aSocial indicators.
_915775
650 0 _aSelf-realization.
_915776
650 0 _9982
_aSuccess
700 1 _aHarter, Jim
_915777
942 _2ddc
_cBB
999 _c14352
_d14352